=LDR 00000nam 2200000 4500 =001 INLIS000000000007890 =005 20130612095825 =008 ***********************************Ind** =035 ##$$0010-061300000007890 =041 ##$$a Ind =082 ##$$a 001.642 =090 ##$$a 001.642, Gil m =100 ##$$a Gillis, M. Asthur =245 ##$$a Mikro komputer di lembaga-lembaga keuangan, M. Arthur Gilis ; alih bahasa, H. Hasymi Ali =260 ##$$a 1990 $b Jakarta =300 ##$$a x, 290 hlm, 21 cm =650 ##$$a Komputer-Program =700 ##$$a Ali, A. Hasymi